00422cam a22001217a 4500008004000000082001700040100002400057245010500081260002400186300000900210650003500219650004600254180718b1974 xxu||||| |||| 00| 0 eng d aA99 M45 C393 aChaudhuri, Nirad C. aScholar Extraordinary: the life of Professor the Rt. Hon. Friedrich Maxmullercby Nirad C. Chaudhuri aDelhibOxfordc1974 a393p aAsianists -Germany -Biography. aMuller, F. Max (Friedrich Max), 1823-1900